00371nam a22001337a 4500003000400000008004100004020001800045082001300063100002100076245006500097260004100162300001500203650001900218OSt240224b |||||||| |||| 00| 0 eng d a9789353451141 a658bSIC aSITAPATI, Sudhir aThe CEO Factory: management lessons from hindustan unilever. aNew Delhi:bJuggernaut Books,c2019. axxvi,243p. aGeneral Books